On-site guide BS 7671: 2001 (2004) (Record no. 104253)

MARC details
000 -LEADER
fixed length control field 00910cam a2200217 4500
001 - CONTROL NUMBER
control field L129645
008 - FIXED-LENGTH DATA ELEMENTS--GENERAL INFORMATION
fixed length control field 050506n2004 000 0 eng u
020 ## - INTERNATIONAL STANDARD BOOK NUMBER
International Standard Book Number 0863413749
035 ## - SYSTEM CONTROL NUMBER
System control number (Sirsi) u129645
041 ## - LANGUAGE CODE
Language code of text/sound track or separate title eng
050 ## - LIBRARY OF CONGRESS CALL NUMBER
Classification number 621.31042
-- 18
110 ## - MAIN ENTRY--CORPORATE NAME
Corporate name or jurisdiction name as entry element Institution of Electrical Engineers
9 (RLIN) 2542
245 ## - TITLE STATEMENT
Title On-site guide BS 7671: 2001 (2004)
Remainder of title Wiring Regulations 16th edition including Amendments No 1: 2002 and No 2: 2004
260 ## - PUBLICATION, DISTRIBUTION, ETC.
Place of publication, distribution, etc. London
Name of publisher, distributor, etc. IEE
Date of publication, distribution, etc. 2004
300 ## - PHYSICAL DESCRIPTION
Extent 183p.
Dimensions 22cm.
350 ## - PRICE (NR) (BK AM CF MU VM SE) [OBSOLETE]
Price 17
520 ## - SUMMARY, ETC.
Summary, etc. The guide is prepared by the Institution of Electrical Engineers to simplify some aspects of BS 7671: 2001 (2004) Requirements for Electrical Installations. It is a simple guide only and electricians should always consult BS 7671 to satisfy themselves of compliance.
650 ## - SUBJECT ADDED ENTRY--TOPICAL TERM
Topical term or geographic name entry element BS 7671: 2001
690 ## - LOCAL SUBJECT ADDED ENTRY--TOPICAL TERM (OCLC, RLIN)
Topical term or geographic name as entry element BUILT ENVIRONMENT-ENGINEERING-ELECTRICAL ENGINEERING
942 ## - ADDED ENTRY ELEMENTS (KOHA)
Suppress in OPAC 0
Holdings
Withdrawn status Lost status Source of classification or shelving scheme Damaged status Not for loan Home library Current library Shelving location Date acquired Cost, normal purchase price Total Checkouts Full call number Barcode Date last seen Date last checked out Copy number Cost, replacement price Price effective from Koha item type
    Dewey Decimal Classification     London London Books 17/06/2005 17.00 2 621.31042 30069904 06/08/2019 13/03/2007 1 17.00 06/08/2019 Book